Normal view
MARC view
Entry Topical Term
001 - CONTROL NUMBER
- control field: 18498
003 - CONTROL NUMBER IDENTIFIER
- control field: BD-RjUL
005 - DATE AND TIME OF LATEST TRANSACTION
- control field: 20260517112029.0
008 - FIXED-LENGTH DATA ELEMENTS
- fixed length control field: 260517|| aca||aabn | a|a d
040 ## - CATALOGING SOURCE
- Original cataloging agency: BD-RjUL
- Transcribing agency: BD-RjUL
150 ## - HEADING--TOPICAL TERM
- Topical term or geographic name entry element: Urdu poetry
- Form subdivision: collection
670 ## - SOURCE DATA FOUND
- Source citation: Work cat.: (BD-RjUL)86488: موہانى حسرت ، Muhānī, Ḥasrat 1875-1951 18497, ککلیات حسرت موہانی مولانا فضل الحسن حسرت موہانی کے مکمل تیرہ دیوان مع حالات و تبصرہ / Kulliyāt-i Ḥasrat Mohānī Maulānā Faz̤l-al-Ḥasan Ḥasrat Mohānī ke mukammal terah dīvān maʿ ḥālāt va tabṣirah /لياتِ حسرت / Kullīyāt-i Ḥasrat /